La l︢tima utopa̕ Los derechos humanos en la historia /

Detalles Bibliográficos
Autor principal: Moyn, Samuel
Formato: eBook
Lenguaje:español
Publicado: Bogot:̀ Pontificia Universidad Javeriana, 2015
Materias:
Acceso en línea:Acceso restringido

MARC

LEADER 00000nam a22000007a 4500
005 20161205000956.0
007 cr|||| ||||
008 161205s2015 co |||||s|||| 00||0 spa d
020 |a 978-958-716-901-0 
035 |a 14563 
040 |a vLex 
090 |c 6424  |d 6424 
100 1 |a Moyn, Samuel 
245 1 2 |a La l︢tima utopa̕  |h [Recurso electrn̤ico] :  |b Los derechos humanos en la historia /  |c Samuel Moyn 
256 |a Servicio en ln̕ea 
260 |a Bogot:̀  |b Pontificia Universidad Javeriana,  |c 2015 
300 |a 1 recurso electrn̤ico (340 p.) 
506 1 |a Disponible solo en los productos indicados  |d vLex Global  |d vLex Global (Academic Edition, excluding Law Schools)  |d vLex Global (U.S. Academic Edition, Law Schools)  |d vLex Global (U.S. Academic Edition, excluding Law Schools)  |d vLex Global (Academic Edition, Law Schools) 
650 0 4 |a Derecho Constitucional  |z Colombia 
740 0 |a vLex Libros (Servicio en ln̕ea) 
856 4 0 |u http://vlex.com/source/la-ultima-utopia-los-derechos-humanos-en-la-historia-14563  |z Acceso restringido 
942 |c BOOK 
999 0 |a Constitutional Law